Current U.S. Govenors - Statistics

General Stats
  • This quiz has been taken 96 times
    62 since last reset
  • The average score is 16 of 50
Answer Stats
State Party Governor % Correct
Florida Republican Ron DeSantis
87%
California Democrat Gavin Newsom
83%
Minnesota Democrat Tim Walz
60%
Illinois Democrat J. B. Pritzker
53%
Alabama Republican Kay Ivey
53%
Georgia Republican Brian Kemp
47%
Arizona Democrat Katie Hobbs
47%
Connecticut Democrat Ned Lamont
47%
Arkansas Republican Sarah Huckabee Sanders
47%
Kentucky Democrat Andy Beshear
43%
Hawaii Democrat Josh Green
43%
Kansas Democrat Laura Kelly
43%
Maryland Democrat Wes Moore
43%
Texas Republican Greg Abbot
40%
Michigan Democrat Gretchen Whitmer
40%
Colorado Democrat Jared Polis
40%
Indiana Republican Mike Braun
40%
Alaska Republican Mike Dunleavy
40%
New Hampshire Republican Kelly Ayotte
37%
Massachusets Democrat Maura Healey
37%
New Jersey Democrat Phil Murphy
37%
Pennsylvania Democrat Josh Shapiro
33%
Ohio Republican Mike DeWine
33%
Montana Republican Greg Gianforte
30%
South Carolina Republican Henry McMaster
30%
Missouri Republican Mike Kehoe
30%
Idaho Republican Brad Little
27%
Virginia Republican Glenn Youngkin
27%
Nevada Republican Joe Lombardo
27%
North Carolina Democrat Josh Stein
27%
Iowa Republican Kim Reynolds
27%
Delaware Democrat Matt Meyer
27%
Louisiana Republican Jeff Landry
23%
New Mexico Democrat Michelle Lujan Grisham
23%
Vermont Republican Phil Scott
23%
Oregon Democrat Tina Kotek
20%
Wisconsin Democrat Tony Evers
20%
Tennesee Republican Bill Lee
17%
West Virginia Republican Patrick Morrisey
17%
Rhode Island Democrat Dan McKee
13%
Maine Democrat Janet Mils
13%
Nebraska Republican Jim Pillen
13%
North Dakota Republican Kelly Armstrong
13%
Utah Republican Spencer Cox
13%
Washington Democrat Bob Ferguson
10%
South Dakota Republican Larry Rhoden
10%
Wyoming Republican Mark Gordon
10%
Mississippi Republican Tate Reaves
7%
New York Democrat Kathy Holcul
3%
Oklahoma Republican Kevin Witt
0%
No matching quizzes found
Score Distribution
Percent of People with Each Score
Percentile by Number Answered
Your Score History
You have not taken this quiz since the last reset